A guide to co-teaching new lessons and strategies to facilitate student learning
Kaydedildi:
| Yazar: | |
|---|---|
| Materyal Türü: | Kitap |
| Dil: | İngilizce |
| Baskı/Yayın Bilgisi: |
CORWIN Press
2013
|
| Etiketler: |
Etiketle
Etiket eklenmemiş, İlk siz ekleyin!
|
MARC
| LEADER | 00000nam a22000007a 4500 | ||
|---|---|---|---|
| 008 | 201218b ||||| |||| 00| 0 eng d | ||
| 020 | |a 978-1-4522-5778-5 | ||
| 100 | |a VILLA, Richard A |a Thousand, Jacyueline S |a Nevin, Ann I. | ||
| 245 | |a A guide to co-teaching |b new lessons and strategies to facilitate student learning |c Richard A. Villa, Jacqueline S. Thousand, Ann I. Nevin |g xx, 257p., ill | ||
| 250 | |b 3rd | ||
| 260 | |b CORWIN Press |c 2013 |h Thousand Oaks, California |i 692128 |i 692129 |l LB1029 .T4v71 |m Teaching teams | ||
| 500 | |a “It includes bibliographical references and index”. | ||
| 942 | |a lcc |c BK |e O.A.JOHNSON |f 18/12/20 | ||
| 952 | |0 0 |1 0 |2 lcc |4 0 |6 LB1029 T4 V71 |7 0 |9 786 |a HOL |b ED |d 2020-12-18 |l 0 |o LB1029 .T4v71 |p 2020-230001 |r 2020-12-18 00:00:00 |w 2020-12-18 |y BK | ||
| 952 | |0 0 |1 0 |2 lcc |4 0 |6 LB1029 T4 V71 |7 0 |9 787 |a HOL |b HOL |d 2020-12-18 |l 0 |o LB1029 .T4v71 |p 2020-230002 |r 2020-12-18 00:00:00 |w 2020-12-18 |y BK | ||
| 999 | |c 446 |d 446 | ||